Sanat - "Vallaton kissalaulu" - Cuulas - Statistics

Yleistilastot
  • Tätä visaa on pelattu 8 kertaa
  • Keskiarvotulos 48 / 72
Vastaustilastot
Vastaus % Oikein
kissa
100%
kissa
100%
kissa
100%
kissa
100%
on
100%
on
100%
vallaton
88%
vallaton
88%
vallaton
88%
jo
75%
kiikkutuoli
75%
kiikkutuoli
75%
kiikkutuoli
75%
kiikkuu
75%
kiikkuu
75%
kiikkuu
75%
lämpö
75%
lämpö
75%
lämpö
75%
lankakerä
75%
lankakerä
75%
lankakerä
75%
liikkuu
75%
liikkuu
75%
liikkuu
75%
Missä
75%
missä
75%
missä
75%
Missä
75%
missä
75%
missä
75%
Missä
75%
missä
75%
missä
75%
siellä
75%
siellä
75%
siellä
75%
uunin
75%
uunin
75%
uunin
75%
ehkä
63%
huokuu
63%
huokuu
63%
huokuu
63%
hyrräten
63%
joskus
63%
kissat
63%
Leikkien
63%
myös
63%
pehmoinen
63%
raidallinen
63%
tuo
63%
Valkoinen
63%
aikuinen
50%
arvoituksen
50%
aurinkoon
50%
heinikkoon
50%
juoksee
50%
kehräten
50%
onhan
50%
onnellinen
50%
vastaus
50%
kiipeillen
38%
kohta
38%
pennuilleen
38%
pentunen
38%
pikkuinen
38%
ruuan
38%
saalistaen
38%
hoivaten
25%
Kantaen
13%
pensaikkooon
0%
Ehtoja vastaavia visoja ei löytynyt
Tulosjakauma
Jokaisen tuloksen saaneiden osuus
Persentiili vastausten määrän mukaan
Tuloshistoriasi
Et ole pelannut tätä visaa